000 00706nas a2200229 4500
001 BR8205755
003 BR-BrBNA
005 20231205085304.0
007 ta
008 230509b bl.|||p| |||| 00| 00por d
040 _aBR-BrBNA
_bpor
_cBiblioteca Nacional de Agricultura
041 _a(Pt)
072 _aE70
100 1 _aLaguna, E.
245 1 _aResposta aos exportadores [frango, exportacao, Superintendencia da Marinha Mercante, Brasil]
650 _aFRANGO
650 _aEXPORTACAO
650 _aTRANSPORTE MARITIMO
773 0 _tAvicultura Industrial (Brazil)
_xISSN 0101-2258
_g(Feb 1982), v. 72(866) p. 16-17
_wBR8205755
909 _a202311
_bLúcia
_c55
_dLúcia Elande
942 _2AGRIS
_n0
_cANA
999 _c110496
_d110496